Vista normal
Vista MARC
- MALTRATO INFANTIL
Entrada Topical Term
Número de registros utilizados en: 1
001 - CONTROL NUMBER
- control field: 21498
003 - CONTROL NUMBER IDENTIFIER
- control field: OSt
005 - DATE AND TIME OF LATEST TRANSACTION
- control field: 20160920142607.0
008 - FIXED-LENGTH DATA ELEMENTS
- fixed length control field: 160920|| aca||aabn | a|a d
040 ## - CATALOGING SOURCE
- Original cataloging agency: OSt
- Transcribing agency: OSt
150 ## - HEADING--TOPICAL TERM
- Topical term or geographic name entry element: MALTRATO INFANTIL
670 ## - SOURCE DATA FOUND
- Source citation: Work cat.: (OSt)5639: Trujillo, Manuel 21494, Psicología para después de una crisis, 2002